000 00442nam a22001337a 4500
005 20241106100427.0
008 241106b |||||||| |||| 00| 0 eng d
245 _aThe Ghana Law Reports 1977 Vol. 1
260 _aAccra, Ghana
_bConcil for Law Reporting
_c1977
300 _axxxii, 520 pages
_c25.5 cm
500 _aCases determined by the High Court and the Court of Appeal of the Republic of Ghana
650 _2Law Reports
942 _2lcc
_cBK
_n0
999 _c671
_d671